000 01323nam0a22002531 4500
001 rc\3583930
005 20260407223057.0
021 _aRU
_b[70-86198]
035 _a(NLR Aleph) 007805579
090 _a7696786
_c7696786
100 _a20130115d1970 |||y0rusy50 ca
101 0 _arus
102 _aRU
105 _ay z |||||
200 1 _aПовышение качества и надежности машин, оборудования и приборов, выпускаемых машиностроительными предприятиями республики
_e(Тезисы докладов)
_fУкр. респ. совет НТО. Упр. уполномоченного при Совете Министров УССР. Ком. стандартов, мер и измерит. приборов при Совете Министров СССР. [Респ. конференция]
210 _aКиев
_cУкрНИИНТИ
_d1970
215 _a76 с.
_d22
606 _aМашиностроительная продукция
_xКачество
_jТезисы докладов
_2psbo
712 0 2 _aУкраинский республиканский совет НТО
_3RU\NLR\AUTH\8810150778
_9796310
801 0 _aRU
_bNLR
_gpsbo
801 1 _aRU
_bELAR
_2rusmarc
852 _aNLR
_j70-6/9020
942 _cBOOK
980 _aNB